000 00349nam a2200145Ia 4500
008 210210b1911 xxu||||| |||| 00| 0 eng d
041 _aeng
082 _a823/201
100 _aSHAKESPEARE (William)
245 _aMacbeth
260 _aCambridge
_bAt the University Press
_c1911
650 _aMacbeth
690 _aEnglish Drama
906 _a013751
999 _c132768
_d132768